Detalles MARC
| 000 -CABECERA |
| campo de control de longitud fija |
02020nam a2200277 i 4500 |
| 003 - IDENTIFICADOR DEL NÚMERO DE CONTROL |
| campo de control |
DO-SdBNP |
| 005 - FECHA Y HORA DE LA ÚLTIMA TRANSACCIÓN |
| campo de control |
20250512140611.0 |
| 007 - CAMPO FIJO DE DESCRIPCIÓN FÍSICA--INFORMACIÓN GENERAL |
| campo de control de longitud fija |
ta |
| 008 - DATOS DE LONGITUD FIJA--INFORMACIÓN GENERAL |
| campo de control de longitud fija |
250512b2024 dr abd|| |||| 00| 0 spa d |
| 020 ## - NÚMERO INTERNACIONAL ESTÁNDAR DEL LIBRO |
| Número Internacional Estándar del Libro |
9789945634365 |
| 040 ## - FUENTE DE LA CATALOGACIÓN |
| Centro catalogador/agencia de origen |
DO-SdBNP |
| Lengua de catalogación |
spa |
| Centro/agencia transcriptor |
BNPHU |
| Normas de descripción |
rda |
| 041 ## - CÓDIGO DE LENGUA |
| Código de lengua del texto/banda sonora o título independiente |
spa |
| 082 #4 - NÚMERO DE LA CLASIFICACIÓN DECIMAL DEWEY |
| Número de clasificación |
xxx |
| Número de documento/Ítem |
I59m 2023 |
| Número de edición |
22 |
| 111 1# - ENTRADA PRINCIPAL--NOMBRE DE CONGRESO/REUNIÓN |
| Nombre de congreso/reunión o jurisdicción como elemento de entrada |
Seminario Internacional Redes Transnacionales y Migración 2023 |
| Número del congreso/reunión o número de parte o sección |
(3. : |
| Fecha del congreso/reunión |
2023 : |
| 9 (RLIN) |
87755 |
| Sede del congreso/Lugar de la reunión |
Santo Domingo) |
| 245 10 - MENCIÓN DE TÍTULO |
| Título |
Memoria del Seminario Internacional Redes Transnacionales y Migración 2023 |
| 264 #4 - PRODUCCIÓN, PUBLICACIÓN, DISTRIBUCIÓN, FABRICACIÓN Y COPYRIGHT |
| Producción, publicación, distribución, fabricación y copyright |
Santo Domingo : |
| Nombre del de productor, editor, distribuidor, fabricante |
Instituto Nacional de Migración de la República Dominicana, |
| Fecha de producción, publicación, distribución, fabricación o copyright |
©2024. |
| 300 ## - DESCRIPCIÓN FÍSICA |
| Extensión |
262 páginas : |
| Otras características físicas |
ilustraciones, gráficos, mapas, retratos ; |
| Dimensiones |
27 cm. |
| 336 ## - TIPO DE CONTENIDO |
| Término de tipo de contenido |
texto |
| Código de tipo de contenido |
txt |
| Fuente |
rdacontent |
| 337 ## - TIPO DE MEDIO |
| Nombre/término del tipo de medio |
sin mediación |
| Código del tipo de medio |
n |
| Fuente |
rdamedia |
| 338 ## - TIPO DE SOPORTE |
| Nombre/término del tipo de soporte |
volumen |
| Código del tipo de soporte |
nc |
| Fuente |
rdacarrier |
| 505 ## - NOTA DE CONTENIDO CON FORMATO |
| Nota de contenido con formato |
Palabras de presentación -- |
| Título |
Movilidad de niños, niñas adolescentes (NNA) en contextos transnacionales / |
| Mención de responsabilidad |
Fabiana Gorenstein, especialista en protección infantil del Foro de las Naciones Unidas para la Infancias (Unicef), República Dominicana -- |
| Título |
Cadenas globales de cuidados y transnacionales / |
| Mención de responsabilidad |
Katherine Martínez, coordinadora nacional de Migración Laboral y Movilidad de la Organización Internacional del Trabajo (OIT) para la República Dominicana -- |
| Título |
Teorías de las migraciones en América Latina. Reflexiones en el marco de las discusiones actuales / |
| Mención de responsabilidad |
Alejandro Canales, economista, profesor-investigador del Departamento de Estudios Regionales (INESER) de la Universidad de Guadalajara, México -- |
| Título |
Dinámicas socioculturales y económicas de la diáspora en contextos transnacionales / |
| Mención de responsabilidad |
Anna Cristina Hernández, directora de Vinculación y Codesarrollo del Viceministerio para las Comunidades Dominicanas en el Exterior del Ministerio de Relaciones Exteriores de la República Dominicana -- |
| 590 ## - NOTA LOCAL (RLIN) |
| Nota local |
Inventariado, 2025 /LP |
| 710 2# - PUNTO DE ACCESO ADICIONAL--NOMBRE DE ENTIDAD CORPORATIVA |
| Nombre de entidad corporativa o nombre de jurisdicción como elemento de entrada |
Instituto Nacional de Migración de la República Dominicana |
| 9 (RLIN) |
87748 |
| 910 ## - DATOS DE OPCIÓN DEL USUARIO (OCLC) |
| Datos de opción del usuario |
LP |
| 942 ## - ELEMENTOS DE PUNTO DE ACCESO ADICIONAL (KOHA) |
| Fuente del sistema de clasificación o colocación |
Dewey Decimal Classification |
| Tipo de ítem Koha |
Libro |